00807cam a22002537a 4500001001000000003000500010005001700015008004100032010001000073011001000083020001500093035001100108040000900119082001300128245013100141260003700272300002000309490005800329650002100387650001500408650003300423700003900456830005800495000093757CHAP20220329142950.0050429d2004 mx a r 00110 spa d a90223 a91195 a9680200558 a101753 cCHAP04a306bA5300a18 de julio !No se olvida! :bidentidad y cultura popular e indígena /ccoord. por Marco A. Anaya Pérez Pérez (y otros). aChapingo, Méx. :bUACH,c2004. a140 p. :bilus.1 aSerie : Identidad y cultura popular e indígenav; 114aCultura popular.14aIdentidad.14aIndios de MéxicoxCultura.1 aAnaya Perez, Marco Antonioecoord.00aSerie : Identidad y cultura popular e indígenav; 1